[Event "Liga Vasca 2010 - Primera Division"]
[Site "Euskadi ESP"]
[Date "2010.01.30"]
[Round "4.12"]
[White "Diaz Herrero, Alvaro"]
[Black "Vilchez Gonzalez, Angel"]
[Result "1-0"]
[WhiteElo "2143"]
[BlackElo "1942"]
[PlyCount "39"]
[EventDate "2010.01.09"]
[EventType "team"]
[EventRounds "9"]
[EventCountry "ESP"]
[Source "lmi"]
[SourceDate "2010.01.09"]

1. e4 e6 2. Nc3 d5 3. Nf3 dxe4 4. Nxe4 Nf6 5. Nxf6+ Qxf6 6. d4 h6 7. Bd3 Bd7 8.
O-O Bd6 9. Qe2 Bc6 10. Ne5 Bxe5 11. dxe5 Qh4 12. b3 Nd7 13. Ba3 Qd4 14. Rfe1
Nc5 15. Bc4 Ne4 16. Bb5 Nc3 17. Bxc6+ bxc6 18. Qf3 O-O-O 19. Qxc6 Nd1 20. Raxd1
1-0

[Event "Liga Vasca 2010 - Primera Division"]
[Site "Euskadi ESP"]
[Date "2010.01.30"]
[Round "4.13"]
[White "Martinez Ayesa, Aitor"]
[Black "Sanz Rodero, Mikel"]
[Result "1/2-1/2"]
[WhiteElo "1850"]
[BlackElo "2056"]
[PlyCount "45"]
[EventDate "2010.01.09"]
[EventType "team"]
[EventRounds "9"]
[EventCountry "ESP"]
[Source "lmi"]
[SourceDate "2010.01.09"]

1. d4 Nf6 2. c4 e6 3. Nf3 Bb4+ 4. Bd2 Qe7 5. g3 O-O 6. Bg2 Bxd2+ 7. Nbxd2 d6 8.
O-O e5 9. e4 Bg4 10. Qc2 Nbd7 11. b4 a5 12. a3 Rfe8 13. d5 axb4 14. axb4 c5 15.
b5 Nb6 16. Qb2 g6 17. Rfc1 Red8 18. Re1 Qe8 19. h3 Bd7 20. Rxa8 Rxa8 21. Ra1
Kf8 22. Ne1 Nh5 23. Nef3 1/2-1/2

[Event "Liga Vasca 2010 - Primera Division"]
[Site "Euskadi ESP"]
[Date "2010.01.30"]
[Round "4.14"]
[White "Zabala Perez, Aritz"]
[Black "Garcia Mina, Daniel"]
[Result "1-0"]
[WhiteElo "1888"]
[BlackElo "1779"]
[PlyCount "217"]
[EventDate "2010.01.09"]
[EventType "team"]
[EventRounds "9"]
[EventCountry "ESP"]
[Source "lmi"]
[SourceDate "2010.01.09"]

1. d4 d5 2. Nf3 e6 3. c4 c6 4. g3 Nf6 5. Bg2 Bb4+ 6. Bd2 Bxd2+ 7. Nbxd2 Nbd7 8.
O-O Nb6 9. b3 O-O 10. Qc2 Re8 11. Rac1 Nbd7 12. e4 dxe4 13. Nxe4 Nxe4 14. Qxe4
Nf6 15. Qf4 Qa5 16. Rc2 c5 17. Rd1 cxd4 18. Qxd4 e5 19. Qh4 Bf5 20. Rcd2 Qc5
21. Ng5 h6 22. Nh3 e4 23. Qf4 e3 24. fxe3 Re6 25. Kh1 Rae8 26. Rf2 Be4 27. Rdf1
Bxg2+ 28. Kxg2 Re4 29. Qf3 Qe7 30. Nf4 Rxe3 31. Nd5 Nxd5 32. Qxd5 Re2 33. Rxe2
Qxe2+ 34. Rf2 Qe7 35. Rd2 Kf8 36. c5 Kg8 37. b4 Qe1 38. Rf2 Qe7 39. a4 Rd8 40.
Rxf7 Qxf7 41. Qxd8+ Kh7 42. Qd3+ Kh8 43. Qf3 Qa2+ 44. Kh3 Qe6+ 45. g4 Qd7 46.
a5 a6 47. Qf4 Kg8 48. Kg3 Qd8 49. Kf3 Qd3+ 50. Kf2 Qc2+ 51. Ke1 Qb1+ 52. Kd2
Qa2+ 53. Kd1 Qb3+ 54. Ke2 Qc2+ 55. Qd2 Qc4+ 56. Kf3 Qf7+ 57. Kg2 Qe7 58. Qd5+
Kh8 59. Qf3 Kg8 60. c6 bxc6 61. Qxc6 Qe2+ 62. Kg3 Qe5+ 63. Kf3 Qxh2 64. Qxa6
Qh3+ 65. Kf4 Qh2+ 66. Ke4 Qg2+ 67. Kd4 Qxg4+ 68. Kc5 Qf5+ 69. Kb6 Qf2+ 70. Kb7
Qf7+ 71. Kb6 Qe6+ 72. Ka7 Qd7+ 73. Qb7 Qd3 74. Ka8 Kh7 75. a6 Qd8+ 76. Ka7 Qd4+
77. Qb6 Qd7+ 78. Kb8 Qe8+ 79. Kc7 Qe7+ 80. Kc6 Qe8+ 81. Kc5 Qe3+ 82. Kb5 Qe5+
83. Qc5 Qe2+ 84. Qc4 Qe5+ 85. Kc6 Qe8+ 86. Kd5 Qf7+ 87. Kd4 Qf4+ 88. Kd3 Qf1+
89. Kc3 Qe1+ 90. Kb3 Qb1+ 91. Ka3 Qa1+ 92. Qa2 Qc1+ 93. Qb2 Qe3+ 94. Ka4 Qe8+
95. b5 Qe4+ 96. Qb4 Qc2+ 97. Qb3 Qe4+ 98. Ka5 Qe1+ 99. Kb6 Qg1+ 100. Kb7 Qg2+
101. Ka7 Qf2+ 102. b6 h5 103. Qd3+ Kh6 104. Qd6+ g6 105. Ka8 Qf3+ 106. b7 Qe4
107. Ka7 Qe3+ 108. Qb6 Qe7 109. Qc6 1-0

[Event "Liga Vasca 2010 - Primera Division"]
[Site "Euskadi ESP"]
[Date "2010.01.30"]
[Round "4.21"]
[White "Agirretxe San Sebastian, Jesus"]
[Black "Arnaez Gil, Juan Ignacio"]
[Result "1/2-1/2"]
[WhiteElo "2153"]
[BlackElo "2242"]
[PlyCount "21"]
[EventDate "2010.01.09"]
[EventType "team"]
[EventRounds "9"]
[EventCountry "ESP"]
[Source "lmi"]
[SourceDate "2010.01.09"]

1. d4 d5 2. c4 c6 3. cxd5 cxd5 4. Nc3 Nc6 5. e4 Nf6 6. e5 Ne4 7. Nf3 e6 8. Bd3
Bb4 9. Bd2 Nxd2 10. Qxd2 O-O 11. O-O 1/2-1/2

[Event "Liga Vasca 2010 - Primera Division"]
[Site "Euskadi ESP"]
[Date "2010.01.30"]
[Round "4.32"]
[White "Martin Echeandia, Ibon"]
[Black "Jimenez Martin, Gustavo"]
[Result "1-0"]
[WhiteElo "2195"]
[BlackElo "2211"]
[PlyCount "47"]
[EventDate "2010.01.09"]
[EventType "team"]
[EventRounds "9"]
[EventCountry "ESP"]
[Source "lmi"]
[SourceDate "2010.01.09"]

1. d4 d5 2. Nc3 f5 3. e4 dxe4 4. f3 Nf6 5. Bg5 Nbd7 6. fxe4 Nxe4 7. Nxe4 fxe4
8. Bc4 Nf6 9. Ne2 Bf5 10. O-O Qd7 11. c3 Be6 12. Bxe6 Qxe6 13. Nf4 Qb6 14. Bxf6
gxf6 15. Qh5+ Kd7 16. Ng6 Rg8 17. Qd5+ Qd6 18. Ne5+ fxe5 19. Qxg8 e6 20. dxe5
Qxe5 21. Rad1+ Bd6 22. Rxd6+ Qxd6 23. Qxa8 e5 24. Qxb7 1-0

[Event "Liga Vasca 2010 - Primera Division"]
[Site "Euskadi ESP"]
[Date "2010.01.30"]
[Round "4.33"]
[White "Mombiela Martinez, Gonzalo"]
[Black "Prieto Aranguren, Alain"]
[Result "1/2-1/2"]
[WhiteElo "2142"]
[BlackElo "2136"]
[PlyCount "81"]
[EventDate "2010.01.09"]
[EventType "team"]
[EventRounds "9"]
[EventCountry "ESP"]
[Source "lmi"]
[SourceDate "2010.01.09"]

1. e4 c6 2. c4 g6 3. Nc3 Bg7 4. d4 d6 5. f4 Nf6 6. Nf3 O-O 7. Be2 c5 8. d5 e6
9. O-O exd5 10. cxd5 b6 11. Nd2 Re8 12. h3 Na6 13. Bb5 Re7 14. a3 Bb7 15. Be2
Nc7 16. Bf3 b5 17. Qc2 a5 18. a4 bxa4 19. Rxa4 Ba6 20. Rd1 Nb5 21. Nxb5 Bxb5
22. Ra3 Qe8 23. e5 Nd7 24. Ne4 dxe5 25. Nd6 Qb8 26. Nxb5 Qxb5 27. d6 Ree8 28.
Bxa8 Rxa8 29. fxe5 Bxe5 30. Rb3 Qc6 31. Be3 a4 32. Ra3 c4 33. Rda1 Nb6 34. Bxb6
Qxb6+ 35. Kh1 Bxd6 36. Rxa4 Rxa4 37. Rxa4 Be5 38. Rxc4 Bxb2 39. Qe2 Bd4 40. Rc1
Kg7 41. Rd1 1/2-1/2

[Event "Liga Vasca 2010 - Primera Division"]
[Site "Euskadi ESP"]
[Date "2010.01.30"]
[Round "4.34"]
[White "Garitaonaindia Areitio, Iker"]
[Black "Monje Peinado, Roberto"]
[Result "0-1"]
[WhiteElo "1886"]
[BlackElo "2022"]
[PlyCount "54"]
[EventDate "2010.01.09"]
[EventType "team"]
[EventRounds "9"]
[EventCountry "ESP"]
[Source "lmi"]
[SourceDate "2010.01.09"]

1. e4 c5 2. Nc3 Nc6 3. f4 g6 4. Nf3 Bg7 5. a3 e6 6. b4 b6 7. e5 d6 8. Bb5 Nge7
9. bxc5 bxc5 10. Ne4 dxe5 11. fxe5 O-O 12. Bb2 Rb8 13. Bxc6 Rxb2 14. Ba4 c4 15.
O-O Qa5 16. c3 Bxe5 17. Qe2 Bg7 18. Bd1 Bb7 19. Kh1 Qd5 20. Neg5 Bxc3 21. dxc3
Rxe2 22. Bxe2 Qc5 23. Rad1 Nf5 24. Rd7 Bc6 25. Rd2 Ne3 26. Re1 Nxg2 27. Kxg2
Qxg5+ 0-1

[Event "Liga Vasca 2010 - Primera Division"]
[Site "Euskadi ESP"]
[Date "2010.01.30"]
[Round "4.41"]
[White "Garro Beraza, Haritz"]
[Black "Pinedo Lerma, Juan Ramon"]
[Result "1-0"]
[WhiteElo "2075"]
[BlackElo "2162"]
[PlyCount "49"]
[EventDate "2010.01.09"]
[EventType "team"]
[EventRounds "9"]
[EventCountry "ESP"]
[Source "lmi"]
[SourceDate "2010.01.09"]

1. e4 e6 2. d3 d5 3. Nd2 c5 4. Ngf3 Nc6 5. g3 Nf6 6. Bg2 Be7 7. O-O b5 8. Re1
O-O 9. e5 Nd7 10. Nf1 Qb6 11. h4 Bb7 12. Bf4 Rac8 13. N1h2 d4 14. Ng5 Nb4 15.
a3 Bxg2 16. Kxg2 Nd5 17. Qh5 Bxg5 18. hxg5 Qc6 19. Re4 Rfd8 20. Ng4 c4 21. Rh1
Nf8 22. Nf6+ gxf6 23. gxf6 cxd3 24. cxd3 Ng6 25. Qh6 1-0

[Event "Liga Vasca 2010 - Primera Division"]
[Site "Euskadi ESP"]
[Date "2010.01.30"]
[Round "4.42"]
[White "Segura Del Frago, Imanol"]
[Black "Olmo Vega, Diego"]
[Result "1/2-1/2"]
[WhiteElo "2028"]
[BlackElo "2025"]
[PlyCount "91"]
[EventDate "2010.01.09"]
[EventType "team"]
[EventRounds "9"]
[EventCountry "ESP"]
[Source "lmi"]
[SourceDate "2010.01.09"]

1. e4 c5 2. Nf3 Nc6 3. d4 cxd4 4. Nxd4 Nf6 5. Nc3 e5 6. Ndb5 d6 7. Bg5 a6 8.
Na3 b5 9. Nd5 Be7 10. Nxe7 Nxe7 11. Qf3 Nd7 12. c4 b4 13. Nc2 a5 14. Bxe7 Qxe7
15. Ne3 Nc5 16. Nd5 Qd8 17. Bd3 O-O 18. O-O Bb7 19. Rfe1 Ne6 20. Ne3 g6 21.
Rad1 Qh4 22. Qg3 Qxg3 23. hxg3 Rfd8 24. Bb1 Nd4 25. Nc2 Ne6 26. Ne3 Rac8 27. b3
Kf8 28. f3 Ke7 29. Kf2 h5 30. Nd5+ Bxd5 31. exd5 Nc5 32. f4 Nd7 33. Kf3 f5 34.
Kf2 Kf6 35. Re2 e4 36. Ke3 Nc5 37. Bc2 Ra8 38. Rb1 Rd7 39. Rd2 Rh7 40. Rh1 Rah8
41. Bd1 h4 42. g4 h3 43. g5+ Ke7 44. g3 h2 45. Bc2 Rh3 46. Rg2 1/2-1/2

[Event "Liga Vasca 2010 - Primera Division"]
[Site "Euskadi ESP"]
[Date "2010.01.30"]
[Round "4.43"]
[White "Arana Garate, Jon"]
[Black "Miguelez Garcia, Erlantz"]
[Result "1-0"]
[WhiteElo "1944"]
[BlackElo "1958"]
[PlyCount "67"]
[EventDate "2010.01.09"]
[EventType "team"]
[EventRounds "9"]
[EventCountry "ESP"]
[Source "lmi"]
[SourceDate "2010.01.09"]

1. d4 Nf6 2. c4 b6 3. Nc3 Bb7 4. f3 c5 5. d5 d6 6. e4 g6 7. Be3 Bg7 8. Qd2 O-O
9. g4 Re8 10. O-O-O Na6 11. Nge2 Nc7 12. Ng3 a6 13. h4 b5 14. h5 Nd7 15. hxg6
fxg6 16. Qh2 Nf8 17. Bh6 e6 18. Bxg7 Kxg7 19. dxe6 Rxe6 20. Kb1 Qf6 21. Qh6+
Kh8 22. f4 Qg7 23. Qh2 b4 24. Nd5 Bxd5 25. exd5 Re7 26. Bd3 Kg8 27. f5 Qf6 28.
fxg6 hxg6 29. Rdf1 Qg7 30. Ne4 Ne8 31. g5 Qd4 32. Nf6+ Nxf6 33. Qh8+ Kf7 34.
Rxf6+ 1-0

[Event "Liga Vasca 2010 - Primera Division"]
[Site "Euskadi ESP"]
[Date "2010.01.30"]
[Round "4.44"]
[White "Zaballa Zarzosa, Jon"]
[Black "Garro Beraza, Julen"]
[Result "0-1"]
[WhiteElo "1872"]
[BlackElo "1873"]
[PlyCount "62"]
[EventDate "2010.01.09"]
[EventType "team"]
[EventRounds "9"]
[EventCountry "ESP"]
[Source "lmi"]
[SourceDate "2010.01.09"]

1. e4 c5 2. Nf3 d6 3. d4 cxd4 4. Nxd4 Nf6 5. Nc3 a6 6. Be3 e6 7. f3 Be7 8. g4
Nc6 9. Qd2 O-O 10. O-O-O Nxd4 11. Bxd4 Nd7 12. h4 b5 13. g5 Bb7 14. Rg1 b4 15.
Ne2 d5 16. h5 e5 17. Bf2 d4 18. g6 Nc5 19. h6 fxg6 20. hxg7 Rxf3 21. Nxd4 Nxe4
22. Bc4+ Bd5 23. Qe2 Rxf2 24. Qxe4 Bxc4 25. Nc6 Bg5+ 26. Kb1 Qf6 27. Qxc4+ Kxg7
28. Rd7+ Kh8 29. Re1 Rc8 30. Nxe5 Rxc4 31. Nf7+ Qxf7 0-1

[Event "Liga Vasca 2010 - Primera Division"]
[Site "Euskadi ESP"]
[Date "2010.01.30"]
[Round "4.51"]
[White "Salinero de Prado, Juan Manuel"]
[Black "Nava Pereda, Carlos"]
[Result "1-0"]
[WhiteElo "2132"]
[BlackElo "2254"]
[PlyCount "175"]
[EventDate "2010.01.09"]
[EventType "team"]
[EventRounds "9"]
[EventCountry "ESP"]
[Source "lmi"]
[SourceDate "2010.01.09"]

1. d4 Nf6 2. c4 g6 3. Nc3 d5 4. Bf4 Bg7 5. e3 c5 6. Bxb8 Rxb8 7. cxd5 Qa5 8.
Qa4+ Qxa4 9. Nxa4 O-O 10. dxc5 Nxd5 11. O-O-O Be6 12. Ne2 b5 13. Nac3 Nxc3 14.
Nxc3 Bxc3 15. bxc3 Rfc8 16. Kb2 Rxc5 17. Be2 b4 18. c4 Rbc8 19. Rd4 Bxc4 20.
Bxc4 Rxc4 21. Rxc4 Rxc4 22. Rd1 a5 23. Rd5 a4 24. Ra5 a3+ 25. Kb3 Rc3+ 26. Kxb4
Rc2 27. Kxa3 f6 28. Rb5 Rxf2 29. Rb2 Rf5 30. Kb4 Re5 31. a4 Re4+ 32. Kb5 Re5+
33. Kb6 Re6+ 34. Kb7 Re5 35. e4 f5 36. exf5 gxf5 37. Rb5 Re2 38. a5 Rxg2 39. a6
Rxh2 40. a7 Ra2 41. Rxf5 e6 42. Rf2 Rxf2 43. a8=Q+ Rf8 44. Qa5 h6 45. Qe5 Kh7
46. Kc7 Rg8 47. Kd7 Rg5 48. Qe4+ Kg8 49. Ke7 Rg7+ 50. Kf6 Rg5 51. Qxe6+ Kh7 52.
Kf7 Rg7+ 53. Kf8 Rg5 54. Qe4+ Kh8 55. Kf7 Rg7+ 56. Kf6 Kg8 57. Qe8+ Kh7 58. Qf8
Rg6+ 59. Kf5 Rg5+ 60. Ke6 Rg6+ 61. Kf7 Rg5 62. Qe8 Rf5+ 63. Ke6 Rg5 64. Qf7+
Rg7 65. Qf5+ Kg8 66. Qh5 Kh7 67. Kf6 Rg5 68. Qf7+ Kh8 69. Qc7 Kg8 70. Qc4+ Kh7
71. Qe4+ Kg8 72. Qe6+ Kh7 73. Kf7 Rg8 74. Ke7 Kg7 75. Qf5 Kh8 76. Qf6+ Kh7 77.
Qf5+ Kh8 78. Qd5 Kg7 79. Qc4 Kh8 80. Kf7 Kh7 81. Qe6 Rg7+ 82. Kf8 Rg5 83. Qc4
Rf5+ 84. Ke7 Rg5 85. Qe6 Kg7 86. Ke8 Kh7 87. Kf8 Rg7 88. Qf5+ 1-0

[Event "Liga Vasca 2010 - Primera Division"]
[Site "Euskadi ESP"]
[Date "2010.01.30"]
[Round "4.52"]
[White "Trigo Urquijo, Sergio"]
[Black "Fernandez Hernandez, Gerardo"]
[Result "1-0"]
[WhiteElo "2243"]
[BlackElo "2190"]
[PlyCount "146"]
[EventDate "2010.01.09"]
[EventType "team"]
[EventRounds "9"]
[EventCountry "ESP"]
[Source "lmi"]
[SourceDate "2010.01.09"]

1. Nf3 Nf6 2. d4 g6 3. c4 Bg7 4. Nc3 O-O 5. e4 d6 6. Be2 Bg4 7. O-O Nfd7 8. Be3
c5 9. d5 Na6 10. a3 Nc7 11. Qd2 a6 12. Bh6 Rb8 13. Bxg7 Kxg7 14. a4 Re8 15. Ra3
e5 16. dxe6 Nxe6 17. Qxd6 Bxf3 18. Bxf3 Nb6 19. Qxd8 Rbxd8 20. b3 Rd3 21. Rc1
Nd4 22. Bd1 f5 23. f3 Nd7 24. Kf1 f4 25. Nd5 g5 26. Ke1 Nf6 27. Rc3 Rxc3 28.
Nxc3 Nd7 29. Ra2 Ne5 30. Rd2 Rd8 31. Nd5 a5 32. Kf2 Kf7 33. g3 Ne6 34. Ke1 Nd4
35. Kf2 Ne6 36. Be2 Nc7 37. Rd1 Nxd5 38. exd5 Rd6 39. Bd3 h6 40. Be4 Rb6 41.
Bc2 Rf6 42. g4 Ke7 43. h4 gxh4 44. Rh1 Kd6 45. Rxh4 Nd7 46. Rh1 Ne5 47. Kg2 Nf7
48. Bd3 Ne5 49. Bf5 Nf7 50. Re1 Ne5 51. Re4 h5 52. Rxf4 hxg4 53. fxg4 Nxg4 54.
Rxg4 Rxf5 55. Rg7 Rf8 56. Rxb7 Rc8 57. Rb5 Re8 58. Kf3 Ra8 59. Ke3 Re8+ 60. Kd3
Ra8 61. Rb6+ Ke5 62. Re6+ Kf5 63. Rc6 Rh8 64. Rxc5 Rh3+ 65. Kd4 Rh4+ 66. Kc3
Rh3+ 67. Kb2 Ke5 68. Rxa5 Kd4 69. d6 Rh2+ 70. Ka3 Kc3 71. Rg5 Rh3 72. d7 Rh1
73. Rg3+ Kc2 1-0

[Event "Liga Vasca 2010 - Primera Division"]
[Site "Euskadi ESP"]
[Date "2010.01.30"]
[Round "4.53"]
[White "Alberdi Sololuce, Paulo"]
[Black "Wu Martin, Eneko"]
[Result "1-0"]
[WhiteElo "2149"]
[BlackElo "2107"]
[PlyCount "57"]
[EventDate "2010.01.09"]
[EventType "team"]
[EventRounds "9"]
[EventCountry "ESP"]
[Source "lmi"]
[SourceDate "2010.01.09"]

1. d4 Nf6 2. Bg5 e6 3. Nd2 Be7 4. e4 d6 5. Bd3 O-O 6. e5 dxe5 7. dxe5 Nd5 8.
Qh5 g6 9. Bxe7 Qxe7 10. Qh6 f6 11. exf6 Qxf6 12. O-O-O Nc6 13. Ne4 Qg7 14.
Qxg7+ Kxg7 15. Bc4 Nb6 16. Bb3 e5 17. Ne2 Na5 18. N2c3 Nxb3+ 19. axb3 c6 20.
Rd2 Bf5 21. Nd6 Rab8 22. Re1 Kf6 23. Rde2 Nd7 24. Nc4 Rfe8 25. f4 Re6 26. fxe5+
Kg5 27. Nd6 Nxe5 28. Rxe5 Rxd6 29. Ne4+ 1-0

[Event "Liga Vasca 2010 - Primera Division"]
[Site "Euskadi ESP"]
[Date "2010.01.30"]
[Round "4.54"]
[White "Rodriguez Gonzalez, Alex"]
[Black "Martinez Pelaez, David"]
[Result "1-0"]
[WhiteElo "2045"]
[BlackElo "1972"]
[PlyCount "127"]
[EventDate "2010.01.09"]
[EventType "team"]
[EventRounds "9"]
[EventCountry "ESP"]
[Source "lmi"]
[SourceDate "2010.01.09"]

1. e4 e5 2. Nc3 Bc5 3. f4 d6 4. Nf3 Nf6 5. Bc4 Nc6 6. Rf1 O-O 7. f5 Bb4 8. Qe2
Nd4 9. Nxd4 exd4 10. Nd5 Re8 11. Nxf6+ Qxf6 12. Kd1 c6 13. Qf3 b5 14. Bd3 Bb7
15. a3 Bc5 16. c4 a6 17. g4 Rad8 18. Re1 bxc4 19. Bxc4 d5 20. Bd3 Re7 21. b4
Bb6 22. exd5 Rxe1+ 23. Kxe1 Rxd5 24. Bb2 c5 25. Kf1 Rd7 26. Re1 h6 27. Re8+ Kh7
28. Be4 Bxe4 29. Qxe4 g6 30. Qe5 Qxe5 31. fxg6+ Kxg6 32. Rxe5 c4 33. Ke2 Rd6
34. h4 d3+ 35. Kf3 Bd4 36. Bxd4 Rxd4 37. Rc5 Kf6 38. g5+ hxg5 39. hxg5+ Kg6 40.
a4 c3 41. Rxc3 Rxb4 42. Rc6+ Kxg5 43. Rxa6 f5 44. Ra8 Rh4 45. a5 Rh3+ 46. Kg2
Rh6 47. Kf3 Rh3+ 48. Kg2 Rh6 49. Kg3 f4+ 50. Kg2 Kg4 51. a6 f3+ 52. Kf1 Rh1+
53. Kf2 Rh2+ 54. Ke3 f2 55. Rg8+ Kh3 56. Rf8 Kg4 57. a7 f1=Q 58. Rxf1 Rh8 59.
Kxd3 Ra8 60. Ra1 Kf5 61. Ra6 Ke5 62. Kc4 Rc8+ 63. Kb5 Ra8 64. Kc6 1-0

[Event "Liga Vasca 2010 - Primera Division"]
[Site "Euskadi ESP"]
[Date "2010.02.06"]
[Round "5.11"]
[White "Nava Pereda, Carlos"]
[Black "Mancha Otano, Aritz"]
[Result "0-1"]
[WhiteElo "2254"]
[BlackElo "2036"]
[PlyCount "114"]
[EventDate "2010.01.09"]
[EventType "team"]
[EventRounds "9"]
[EventCountry "ESP"]
[Source "lmi"]
[SourceDate "2010.01.09"]

1. d4 Nf6 2. c4 e6 3. Nc3 Bb4 4. Qc2 d5 5. cxd5 Qxd5 6. Nf3 Qf5 7. Qb3 Nc6 8.
h3 Ne4 9. e3 Qa5 10. Bd2 Bxc3 11. Bxc3 Nxc3 12. bxc3 O-O 13. Bb5 Bd7 14. O-O a6
15. Bd3 b5 16. Ng5 b4 17. f4 h6 18. Ne4 bxc3 19. Rfc1 Rfb8 20. Qxc3 Qxc3 21.
Rxc3 Rb6 22. Nc5 Be8 23. Be4 Ra7 24. Rac1 Nb4 25. Bb1 Nd5 26. Ra3 Kf8 27. f5
Ke7 28. fxe6 fxe6 29. e4 Nf6 30. Bd3 Bc6 31. Na4 Bxa4 32. Rxa4 a5 33. Rc5 Rb4
34. Rxb4 axb4 35. Bb1 Ne8 36. Rb5 Ra4 37. e5 b3 38. Rxb3 Rxd4 39. Bg6 c5 40.
Rb7+ Rd7 41. Rb8 Rd1+ 42. Kh2 Nc7 43. Rg8 Re1 44. Rxg7+ Kd8 45. Rh7 Rxe5 46.
Rxh6 Re2 47. a4 Ra2 48. Rh4 Nd5 49. Re4 Kd7 50. Bf7 c4 51. Bxe6+ Kd6 52. Bf5 c3
53. Re6+ Kc5 54. Re8 c2 55. Rc8+ Kd4 56. h4 Nc3 57. Rd8+ Ke5 0-1

[Event "Liga Vasca 2010 - Primera Division"]
[Site "Euskadi ESP"]
[Date "2010.02.06"]
[Round "5.12"]
[White "Garcia Mina, Daniel"]
[Black "Trigo Urquijo, Sergio"]
[Result "0-1"]
[WhiteElo "1779"]
[BlackElo "2243"]
[PlyCount "66"]
[EventDate "2010.01.09"]
[EventType "team"]
[EventRounds "9"]
[EventCountry "ESP"]
[Source "lmi"]
[SourceDate "2010.01.09"]

1. e4 d6 2. d4 Nf6 3. Nc3 e5 4. dxe5 dxe5 5. Qxd8+ Kxd8 6. Bg5 Be6 7. O-O-O+
Kc8 8. Bd3 Nbd7 9. f3 c6 10. Nge2 b5 11. a3 a5 12. Nxb5 cxb5 13. Bxb5 Rb8 14.
Ba6+ Kc7 15. Bd2 Kb6 16. Bd3 Nc5 17. Be3 Kc6 18. Rd2 Na4 19. b3 Bxa3+ 20. Kb1
Bc5 21. Bxc5 Nxc5 22. Rhd1 a4 23. Nc3 axb3 24. Bb5+ Rxb5 25. Rd6+ Kb7 26. Nxb5
bxc2+ 27. Kxc2 Bb3+ 28. Kc1 Bxd1 29. Rxd1 Rf8 30. Nd6+ Kc7 31. Nc4 Nfd7 32. Rd5
f6 33. Ne3 Nb3+ 0-1

[Event "Liga Vasca 2010 - Primera Division"]
[Site "Euskadi ESP"]
[Date "2010.02.06"]
[Round "5.21"]
[White "Segura Del Frago, Imanol"]
[Black "Salinero de Prado, Juan Manuel"]
[Result "1-0"]
[WhiteElo "2028"]
[BlackElo "2132"]
[PlyCount "95"]
[EventDate "2010.01.09"]
[EventType "team"]
[EventRounds "9"]
[EventCountry "ESP"]
[Source "lmi"]
[SourceDate "2010.01.09"]

1. e4 c5 2. Nf3 a6 3. d4 cxd4 4. Nxd4 e5 5. Nb3 Nf6 6. Nc3 Bb4 7. f3 d5 8. exd5
Nxd5 9. Bd2 Nxc3 10. bxc3 Be7 11. Bd3 O-O 12. O-O Nc6 13. Qe2 a5 14. Be3 a4 15.
Nd2 Be6 16. Ne4 Qc8 17. Nc5 Nd8 18. Qf2 Ra5 19. Nxe6 Nxe6 20. c4 f5 21. Qd2 Ra8
22. Rab1 g6 23. Rb5 Bf6 24. Rfb1 Rf7 25. Qb4 Nd8 26. c5 Kg7 27. c3 Re7 28. Bc4
Nc6 29. Qb2 Ra7 30. Bd5 Qd8 31. c4 g5 32. Bd2 a3 33. Qc1 Nd4 34. Kh1 Nxb5 35.
Rxb5 Rd7 36. h4 h6 37. Qb1 Rxd5 38. cxd5 Qxd5 39. Be3 Ra4 40. Rxb7+ Kg6 41. Bf2
Rc4 42. Qb5 Rc1+ 43. Kh2 f4 44. h5+ Kf5 45. Rd7 Qc4 46. Qc6 g4 47. fxg4+ Kxg4
48. Qxf6 1-0

[Event "Liga Vasca 2010 - Primera Division"]
[Site "Euskadi ESP"]
[Date "2010.02.06"]
[Round "5.22"]
[White "Fernandez Hernandez, Gerardo"]
[Black "Miguelez Garcia, Erlantz"]
[Result "0-1"]
[WhiteElo "2190"]
[BlackElo "1958"]
[PlyCount "80"]
[EventDate "2010.01.09"]
[EventType "team"]
[EventRounds "9"]
[EventCountry "ESP"]
[Source "lmi"]
[SourceDate "2010.01.09"]

1. e4 c6 2. d4 d5 3. e5 Bf5 4. Nf3 e6 5. Be2 Nd7 6. O-O Ne7 7. Be3 Bg6 8. Nh4
Nf5 9. Nxg6 hxg6 10. Nd2 a6 11. Nf3 c5 12. c3 Be7 13. Qd2 Qc7 14. Bf4 Nb8 15.
c4 dxc4 16. d5 exd5 17. Qxd5 Qd7 18. Qxc4 Nc6 19. Qe4 Nfd4 20. Rad1 Qf5 21. Qe3
Nxe2+ 22. Qxe2 Qxf4 23. e6 Nd4 24. exf7+ Kf8 25. Rxd4 cxd4 26. Re1 Qd6 27. Ne5
Rh6 28. f4 g5 29. f5 Rd8 30. Ng6+ Rxg6 31. fxg6 g4 32. Qxg4 d3 33. Kh1 d2 34.
Rd1 Qe5 35. g3 Qd5+ 36. Kg1 Qd4+ 37. Qxd4 Rxd4 38. h4 Bb4 39. a3 Re4 40. Rf1
Re1 0-1

[Event "Liga Vasca 2010 - Primera Division"]
[Site "Euskadi ESP"]
[Date "2010.02.06"]
[Round "5.23"]
[White "Etxaurren Gavina, Asier"]
[Black "Alberdi Sololuce, Paulo"]
[Result "0-1"]
[WhiteElo "1977"]
[BlackElo "2149"]
[PlyCount "78"]
[EventDate "2010.01.09"]
[EventType "team"]
[EventRounds "9"]
[EventCountry "ESP"]
[Source "lmi"]
[SourceDate "2010.01.09"]

1. e4 c6 2. d4 d5 3. exd5 cxd5 4. Bd3 Nc6 5. c3 g6 6. Nf3 Bg7 7. O-O Nf6 8. Re1
O-O 9. Bf4 Nh5 10. Bg3 Bg4 11. h3 Bxf3 12. Qxf3 Nxg3 13. Qxg3 Qb6 14. b3 Rfe8
15. Nd2 Rac8 16. Rac1 Qa5 17. Bb1 Bh6 18. Rcd1 Nb8 19. Nf3 Nd7 20. c4 dxc4 21.
bxc4 Rxc4 22. Ne5 Nxe5 23. Qxe5 Qb4 24. d5 Bf4 25. Qe2 Bd6 26. Bc2 Rec8 27. Be4
R8c7 28. g3 Rc3 29. Kg2 Kg7 30. h4 Qa3 31. h5 R7c4 32. hxg6 hxg6 33. Rh1 Rc1
34. Bb1 Rxd1 35. Qxd1 Qb2 36. Qf3 Rc3 37. Qg4 Rxg3+ 38. Qxg3 Bxg3 39. Kxg3 Qe5+
0-1

[Event "Liga Vasca 2010 - Primera Division"]
[Site "Euskadi ESP"]
[Date "2010.02.06"]
[Round "5.24"]
[White "Martinez Pelaez, David"]
[Black "Meneses Arenas, Mikel"]
[Result "1-0"]
[WhiteElo "1972"]
[BlackElo "1853"]
[PlyCount "50"]
[EventDate "2010.01.09"]
[EventType "team"]
[EventRounds "9"]
[EventCountry "ESP"]
[Source "lmi"]
[SourceDate "2010.01.09"]

1. d4 Nf6 2. Nc3 d5 3. Bg5 Nbd7 4. f3 c6 5. e4 dxe4 6. fxe4 Qa5 7. Bd2 e5 8.
Nf3 Qc7 9. Bd3 Be7 10. O-O O-O 11. Kh1 exd4 12. Nxd4 Ne5 13. Nf5 Bxf5 14. Rxf5
Nfg4 15. g3 Rad8 16. Qe2 g6 17. Rff1 h5 18. Bf4 Qd7 19. Rad1 Qe6 20. Kg2 h4 21.
h3 Nxd3 22. cxd3 Nf6 23. g4 Kg7 24. Bg5 Nh5 25. Bxe7 Ng3 1-0

[Event "Liga Vasca 2010 - Primera Division"]
[Site "Euskadi ESP"]
[Date "2010.02.06"]
[Round "5.31"]
[White "Galzagorri Uli, Yeray"]
[Black "Garro Beraza, Haritz"]
[Result "1-0"]
[WhiteElo "2281"]
[BlackElo "2075"]
[PlyCount "51"]
[EventDate "2010.01.09"]
[EventType "team"]
[EventRounds "9"]
[EventCountry "ESP"]
[Source "lmi"]
[SourceDate "2010.01.09"]

1. c4 Nf6 2. Nc3 g6 3. g3 Bg7 4. Bg2 O-O 5. d4 d6 6. e4 Nc6 7. Nge2 e5 8. d5
Ne7 9. h3 Nd7 10. g4 f5 11. exf5 gxf5 12. Ng3 f4 13. Nge4 Ng6 14. Qe2 Nf6 15.
f3 Nxe4 16. Nxe4 Bf6 17. Bd2 Bh4+ 18. Kd1 Bd7 19. Kc2 a6 20. Rad1 Qe7 21. Kb1
b5 22. Ba5 Rfc8 23. Qc2 Nh8 24. c5 Nf7 25. Rhf1 Ng5 26. Nc3 1-0

[Event "Liga Vasca 2010 - Primera Division"]
[Site "Euskadi ESP"]
[Date "2010.02.06"]
[Round "5.32"]
[White "Olmo Vega, Diego"]
[Black "Martin Echeandia, Ibon"]
[Result "1/2-1/2"]
[WhiteElo "2025"]
[BlackElo "2195"]
[PlyCount "30"]
[EventDate "2010.01.09"]
[EventType "team"]
[EventRounds "9"]
[EventCountry "ESP"]
[Source "lmi"]
[SourceDate "2010.01.09"]

1. e4 d5 2. exd5 Nf6 3. d4 Bg4 4. Nf3 Qxd5 5. Be2 Nc6 6. Be3 O-O-O 7. Nbd2 e6
8. O-O Kb8 9. Re1 Bd6 10. a3 Qh5 11. c4 e5 12. h3 exd4 13. Nxd4 Nxd4 14. Bxg4
Nxg4 15. Nf1 Nc2 1/2-1/2